| 000 | 01118nam a22002537a 4500 | ||
|---|---|---|---|
| 005 | 20170123162352.0 | ||
| 010 | _a978544 | ||
| 020 | _c13.00 | ||
| 035 | _a978544 | ||
| 037 | _bCen Lib/Ret | ||
| 040 |
_aDPL _bUR |
||
| 082 |
_a954.01 _bک و س |
||
| 100 |
_aکوسبمی، ڈی.ڈی _9137483 |
||
| 245 |
_a: قدیم ہندوستان کی ثقافت و تہذیب _cڈی.ڈی. کوسبمی [اور] مترجم بالمکند عرش ملیسانی _b/ تاریخی پس منظر میں |
||
| 246 |
_aQadim Hidustan ki sqafat w tehzib: tarikhi pasmanzar main / _bby D.D. Kosabmi and translated by Balmknd Arsh Malysany |
||
| 260 |
_aنئی دہلی _bترقی اردو بیورو _c1979 |
||
| 270 |
_aڈائرکڑئز في اردو بیوروا'وبٹ بلا کت8 آر کے پور م _bنئی دہلی |
||
| 300 |
_a319p. _c21cm(Hb) |
||
| 650 |
_aہندوستانی تاریخ _9410 |
||
| 650 |
_aقدیم ہندوستان کی ثقافت و تہذیب _9137484 |
||
| 650 |
_aIndian history _9137485 |
||
| 650 |
_aAncient Indian culture _9137486 |
||
| 942 |
_2ddc _cUR _h954.01 _mک و س |
||
| 999 |
_c109355 _d109355 |
||